Municipios de Atlántico - Banderas - Estadísticas

Estadísticas generales
  • Esta prueba ha sido intentada 5 veces
  • La puntuación promedio es 5 de 23
Estadísticas de respuestas
Imagen Respuesta % Correcto
Barranquilla
100%
Campo de la Cruz
50%
Manatí
50%
Piojó
50%
Puerto Colombia
50%
Candelaria
25%
Galapa
25%
Malambo
25%
Sabanagrande
25%
Sabanalarga
25%
Soledad
25%
Tubará
25%
Usiacurí
25%
Baranoa
0%
Juan de Acosta
0%
Luruaco
0%
Palmar de Varela
0%
Polonuevo
0%
Ponedera
0%
Repelón
0%
Santa Lucía
0%
Santo Tomás
0%
Suan
0%
No se encontraron pruebas coincidentes
Distribución de puntuación
Porcentaje de gente con cada puntuación
Porcentaje por número respondido
Historial de tus puntuaciones
No has intentado esta prueba.